000 00697nam a2200253Ia 4500
008 160901s9999 xx 000 0 und d
020 _a978-1-4188-5935-0
050 _aComSc QA 76.76
050 _b.H94S54 2007
100 _aShelly, Gary B.
245 _aHTML :
245 _bintroductory concepts and techniques /
245 _cGary B. Shelly, Thomas J. Cashman, Denise M. Woods.
250 _a4th Edition
260 _aAustralia :
260 _bThomson Course Tech.,
260 _c2007
300 _aInd 7 pages :
300 _bcol. ill. ;
300 _c28 cm.
440 _aShelly Cashman series
500 _aIncludes index.
650 _aHTML (Document markup language).
999 _c300834
_d300834